01648nam a22002177a 450000500170000000700150001700800410003202000220007303500100009504000090010510000310011424501240014525600240026926000560029330000280034950006150037750602700099265000290126274000380129185601010132920240305165545.0cr|||| |||| 200526s2020 mx |||||s|||| 00||0 spa d a978-607-541-202-3 a31460 avLex1 aSánchez Miranda, Arnulfo10aAplicación practica del Código Fiscal de la Federación 2020h[Recurso electrónico] /cArnulfo Sánchez Miranda aServicio en línea aCiudad de México:bEdiciones Fiscales ISEF,c2020 a1 recurso electrónico aConozca a través de esta obra, APLICACION PRÁCTICA DEL CÓDIGO FISCAL, los elementos sustantivos de las contribuciones, derechos y obligaciones tanto de la autoridad fiscal así como de los contribuyentes. También este título le proporcionará las herramientas básicas para orientar de forma correcta el pago del tributo. Esta es una obra enriquecida con un marco conceptual, práctico y numérico, cuyo contenido es de consulta obligatoria tanto en universidades públicas como privadas y para todos aquellos interesados del contexto tributario. INCLUYE el tema "ESQUEMAS FISCALES REPORTABLES"1 aDisponible solo en los productos indicadosdvLex GlobaldvLex Global (Academic Edition, excluding Law Schools)dvLex Global (U.S. Academic Edition, Law Schools)dvLex Global (U.S. Academic Edition, excluding Law Schools)dvLex Global (Academic Edition, Law Schools)04aDerecho FiscalzMéxico0 avLex Libros (Servicio en línea)40uhttps://app.vlex.com/#/sources/aplicacion-practica-del-codigo-fiscal-de-la-federacion-2020-31460